Quizzes
Events
Quiz Creation
Community
Videos
Private Events
Remove Ads
Sign In
Join for FREE
Feedback
Dark Mode
Quiz Categories
Sports
Geography
Music
Movies
Television
Just For Fun
Miscellaneous
History
Literature
Language
Science
Gaming
Entertainment
Religion
Holiday
For Kids
Quiz Lab
Recent
Popular Today
Quiz Kudos Today
Editor Picks
Curator Picks
Quizzes by...
Day
Popularity
Type
Ratings
Length
Year
Community
Subscriptions
Recent Discussions
Orange Saloon
Badges
Playlists
Quests
Create
Leaderboards
Showdown
Live 5
Trivia Bingo
Activity
Puzzle Library
Sporcle Events
Private Events
Virtual Trivia
Globe League
Become a Host
Pub Owners
SporcleCon
Opinionation
Our Games
Videos
Blog
Mobile Apps
Partnerships
Remove Ads and Go Orange
Feedback
Sports
Athletes
MLB
NBA
NHL
NFL
Soccer
Sports Teams
WWE
NCAA
Football
Premier League
Basketball
Baseball
Hockey
Golf
Tennis
Cricket
Rugby
Auto Racing
Olympics
World Cup
Sports
Athletes
MLB
NBA
NHL
NFL
Soccer
Sports Teams
WWE
NCAA
Football
Premier League
Basketball
Baseball
Hockey
Golf
Tennis
Cricket
Rugby
Auto Racing
Olympics
World Cup
Random Quiz
Search Sporcle
×
Quiz Lab
Quiz Lab
Sports
Year
Type in answers that appear in a list
Type in answers that appear in a list
Classic
Best Score? Go Orange.
Puskas Award Stats
Can you name the winners of the FIFA Puskas Award (Goal of the Year)?
By
LUFCMadferret
10m
30 Questions
150 Plays
150 Plays
150 Plays
Comments
Comments
Give Quiz Kudos
Give Quiz Kudos
-
- Ratings
hide this ad
Replay
Link that replays current quiz
Next Quiz
Link to next quiz in quiz playlist
You Got
0%
They Got
Avg Score
26%
Avg Friend Score
Upgrade to see
Score Distribution
Jump to the score distribution portion of the page
Score
0/30
Timer
10:00
0
Plays Today
Year/Position
Player
% Correct
2009/
1
Cristiano Ronaldo
96.6%
2010/
Unranked
Lionel Messi
84.2%
2011/
2
Lionel Messi
84.2%
2011/
Unranked
Zlatan Ibrahimović
66.4%
2010/
Unranked
Neymar
61.6%
2011/
1
Neymar
61.6%
2011/
3
Wayne Rooney
57.5%
2009/
2
Andrés Iniesta
45.2%
2009/
9
Emmanuel Adebayor
38.4%
2010/
Unranked
Arjen Robben
34.9%
2009/
5
Fernando Torres
32.9%
2009/
7
Michael Essien
28.1%
2010/
1
Hamit Altıntop
21.9%
2011/
Unranked
Giovani dos Santos
15.1%
2010/
3
Giovanni van Bronckhorst
14.4%
Year/Position
Player
% Correct
2010/
Unranked
Siphiwe Tshabalala
13%
2011/
Unranked
Dejan Stanković
8.9%
2010/
Unranked
Samir Nasri
6.2%
2009/
6
Nilmar
3.4%
2009/
3
Grafite
2.7%
2010/
2
Linus Hallenius
2.7%
2010/
Unranked
Matty Burrows
2.1%
2009/
10
Katlego Mphela
1.4%
2010/
Unranked
Kumi Yokoyama
1.4%
2011/
Unranked
Julio Gómez
1.4%
2011/
Unranked
Lisandro López
1.4%
2009/
4
Eliran Atar
0.7%
2009/
8
Luis Ángel Landín
0.7%
2011/
Unranked
Benjamin De Ceulaer
0.7%
2011/
Unranked
Heather O'Reilly
0.7%
Quiz Playlist
Details
Report
Send in Message
Add To Playlist
Classic:
Type in answers that appear in a list
Quiz Source
Last Updated: Feb 16, 2017
Quiz Scoreboard
CHALLENGE
Sign Up to Join the Scoreboard
Show All
Scores
Hide
Comments
May contain spoilers
Recently Published
Presidents Visiting Landmarks
by Hejman
History
7m
An Introduction to Baseball
by treessimontrees
Sports
5m
Movies - When Are They Set?
by FPL_Elf
Movies
5m
More to Explore
Quiz From the Vault
Featured Blog Post
Where Did the Easter Bunny Come From?
hide this ad
You Might Also Like...
Tags
Year Quiz
Award
FIFA
goal
Today's Top Quizzes in Sports
Browse Sports
hide this ad
Today's Top Quizzes in Year
Browse Year
Top Contributed Quizzes in Sports
1
Les meilleurs buteurs des matchs entre le PSG et l’OM
2
2022 World Cup Stars
3
FIFA Club World Cup Champions
4
Les entraîneurs de l'OM et du PSG au 21e siècle
5
Name the Premier League winners with different clubs
6
La finale Lions - Afrique du Sud 2021
7
5-to-1: UK Sports Teams
8
England Test cricketers to play under Nasser Hussain
9
Players with Multiple 50 Home Run Seasons
10
AFC Teams Reveal (Wrong Answers Minefield)
Explore More
Trending Topics
Disney
Kpop
NBA
Crossword
Anime
Harry Potter
Marvel
Pokémon
Country
NFL
The Office
WWE
Soccer
Song
Puzzle
hide this ad
More By:
LUFCMadferret
Quiz
Plays
Rating
Category
Featured
Created
100 greatest ever Leeds United players
2,537
4.38
Sports
Oct 29, 2009
England internationals not from England
553
4.80
Sports
Nov 1, 2009
Football League and Conference play-offs
507
5.00
Sports
Nov 7, 2009
Leeds United Loiners
501
5.00
Sports
Nov 5, 2009
World Cup 2010 squads (FRA -CIV)
418
5.00
Sports
Jun 11, 2010
Go to Creator's Profile
Score Distribution
Quiz Creator Spotlight
LUFCMadferret
Follow
Send a Message
Quizzes Created
-
Created Quiz Play Count
-
More By This Creator
Popular Quizzes Today
1
Find the US States - No Outlines Minefield
2
Find the Countries of Europe - No Outlines Minefield
3
The Countries of the World
4
Find the US States
5
Popular People in 1961
6
US States
7
Risky Map Clicking: Biggest States A-Z
8
1-10 Letter E Words III
More Sports Quizzes
WWE Wrestler or Batman Sound Effect?
Editor's Pick
Trending Quizzes
Risky Map Clicking: Least Populous States A-Z
1-10 Letter G Words
1-10 Letter F Words
One Thing in Common: United Kingdom
Risky Map Clicking: Next State Alphabetically
Recently Updated
Leaping Animals
pecheneg
Reality TV Shows (A-Z)
bhenderson79
Rickey Henderson's Hall of Fame Teammates
pecheneg
Champions League XIs: Arsenal
pecheneg
Quick Pick: Celebrities in WWE's Hall of Fame
aduchscher
A-Z Keypad Blitz II
pecheneg
Multiple Oscar Actors
pecheneg
Mystery Phrase Blitz: Oscar 'Best Actors'
pecheneg
F. Scott Fitzgerald Novels
LTH
Pick 3 Villains
ddd62291
Trending Topics
NBA
Marvel
Kpop
Harry Potter
Disney
Anime
Crossword
Soccer
NFL
Song
Puzzle
Pokémon
Country
WWE
The Office
Your Account Isn't Verified!
In order to create a playlist on Sporcle, you need to verify the email address you used during registration. Go to your
Sporcle Settings
to finish the process.
Report this User
Report this user for behavior that violates our
Community Guidelines
.
Details:
Send Report
Go to the Sporcle.com Mobile Site →
Comments